000 00263nam a22001217a 4500
008 170412b xxu||||| |||| 00| 0 eng d
041 _aeng
080 _23 ED
_a618
100 _a10
101 _aSHM
245 _aVAGINAL SURGERY
_cNICHOLS.D.H
942 _2udc
_cBK
999 _c10563
_d10563